[Event "EYCC Boys U18"]
[Site "Batumi GEO"]
[Date "2010.09.28"]
[Round "9"]
[White "Bar,Av"]
[Black "Nikolashvili,G"]
[Result "0-1"]
[WhiteElo "2086"]
[BlackElo "2294"]

1.Nf3 Nf6 2.c4 c5 3.g3 b6 4.Bg2 Bb7 5.O-O e6 6.Nc3 Be7 7.d4 cxd4 8.Qxd4 d6
9.Bg5 a6 10.Bxf6 Bxf6 11.Qf4 Bxf3 12.exf3 Ra7 13.Rad1 Rd7 14.Qe3 O-O 15.f4 Qc7
16.Rd2 Qxc4 17.Qxb6 Bxc3 18.bxc3 Rfd8 19.Rb1 g6 20.Rb3 d5 21.Bf1 Qa4 22.h4 Rd6
23.Qc5 Qd7 24.Rdb2 Rc6 25.Qd4 Qd6 26.h5 Rcc8 27.Rb7 Nd7 28.h6 Qf8 29.Bxa6 Nc5
30.Ra7 Nxa6 31.Rxa6 Qxh6 32.Rb7 Rb8 33.Qa7 Rxb7 34.Qxb7 Qh5 35.Ra8 Qd1+ 36.Kh2 Rxa8
37.Qxa8+ Kg7 38.Qa7 Qd2 39.Qe3 Qxa2 40.Qe5+ f6 41.Qxe6 Qxf2+ 42.Kh3 Qf3 43.Kh2 Qh5+
44.Kg2 Qf5 45.Qxf5 gxf5 46.Kf3 Kg6 47.Ke3 Kh5 48.Kd4 Kg4 49.Kxd5 Kxg3 50.c4 h5
51.c5 h4 52.c6 h3 53.c7 h2 54.c8=Q h1=Q+ 55.Ke6 Qh6 56.Qc3+ Kg4 57.Qd3 Qxf4
58.Kxf6 Qg5+ 59.Ke6 Qh6+ 60.Kd5 Qh1+ 61.Ke5 Qe1+ 62.Kf6 f4 63.Qf5+ Kg3 64.Qg5+ Kf3
65.Qh5+ Kg2 66.Qg6+ Qg3 67.Qc2+ Kh3 68.Qf5+ Qg4 69.Qd3+ f3 70.Ke5 Kg2  0-1

[Event "21st Open"]
[Site "Goch GER"]
[Date "2010.10.01"]
[Round "2.23"]
[White "Nent,A"]
[Black "Mueller,Marku1"]
[Result "1-0"]
[WhiteElo "2010"]
[BlackElo "2163"]

1.Nf3 c5 2.c4 b6 3.g3 Bb7 4.Bg2 Nf6 5.O-O e6 6.Nc3 Be7 7.d4 cxd4 8.Qxd4 d6
9.Rd1 a6 10.Bg5 Nbd7 11.Bxf6 Nxf6 12.Ng5 Bxg2 13.Kxg2 O-O 14.Nge4 Ne8 15.b4 f5
16.Nd2 Rb8 17.a3 Bf6 18.Qd3 b5 19.Rac1 Qb6 20.e3 Be7 21.Nf3 bxc4 22.Qxc4 d5
23.Qd3 Nf6 24.Na4 Qb7 25.Nc5 Bxc5 26.Rxc5 Rfc8 27.Rdc1 Ne4 28.R5c2 Nd6 29.Nd4 Kf7
30.Nc6 Ra8 31.Nd8+ Rxd8 32.Rc7+ Rd7 33.Rxb7 Rxb7 34.Rc6 Nc4 35.Qc3 Raa7 36.a4 Ra8
37.h4 Raa7 38.h5 Ra8 39.Qd4 Raa7 40.h6 gxh6 41.Qh8  1-0

[Event "Karen Asrian Memorial"]
[Site "Jermuk ARM"]
[Date "2010.10.06"]
[Round "2"]
[White "Gabuzyan,H"]
[Black "Bagaturov,G"]
[Result "1/2-1/2"]
[WhiteElo "2261"]
[BlackElo "2464"]

1.Nf3 Nf6 2.g3 b6 3.Bg2 Bb7 4.O-O c5 5.c4 e6 6.Nc3 Be7 7.b3 O-O 8.Bb2 d5
9.cxd5 exd5 10.d4 Na6 11.Rc1 Qd7 12.dxc5 bxc5 13.Ne5 Qc7 14.Nd3 d4 15.Bxb7 Qxb7
16.Na4 Rac8 17.Ba3 Nd7 18.Qd2 Rfe8 19.Rfe1 h6 20.Rc2 Bg5 21.Qa5 Bd8 22.Qd2 Qb5
23.Qf4 c4 24.Ndb2 c3 25.Qxd4 Ne5 26.Rxc3 Rxc3 27.Qxc3 Ba5 28.b4 Bxb4 29.Bxb4 Qxb4
30.Rc1 Qe4 31.Qc2 Qg4 32.Qd2 Nb4 33.Nc4 Nbd3 34.Nxe5 Nxe5 35.Nb2 Qh3 36.Qe3 Re7
37.Qe4 Ng6 38.Qf3 Qe6 39.Nd3 Qxa2 40.Kf1 Qe6 41.Rc5 Qh3+ 42.Kg1 Qe6 43.Ra5  1/2-1/2

[Event "TCh-ISL Div 1 2010-11"]
[Site "Reykjavik ISL"]
[Date "2010.10.09"]
[Round "3.3"]
[White "Fridjonsson,J"]
[Black "Thorsteinsson,T"]
[Result "1-0"]
[WhiteElo "2179"]
[BlackElo "2231"]

1.c4 e6 2.Nf3 Nf6 3.g3 b6 4.Bg2 Bb7 5.O-O c5 6.Nc3 Be7 7.d4 Ne4 8.Nxe4 Bxe4
9.Be3 O-O 10.Qd2 Qc7 11.Rac1 d6 12.Rfd1 Qb7 13.Ne1 Bxg2 14.Nxg2 cxd4 15.Bxd4 Nd7
16.b3 Rfd8 17.Qb2 Nf6 18.Ne3 Rac8 19.Rd3 a6 20.a4 b5 21.cxb5 axb5 22.a5 Rxc1+
23.Qxc1 b4 24.Rd2 Ne4 25.Rc2 Qa6 26.Qa1 Ra8 27.Qa4 d5 28.Kf1 Nc3 29.Bxc3 bxc3
30.Rxc3 d4 31.Rc6 Qb7 32.a6 Qd7 33.Nc4 d3 34.Rb6 Qd5 35.Qc6 dxe2+ 36.Kxe2 Qh5+
37.Qf3 Qd5 38.Qxd5 exd5 39.Ne3 d4 40.Nd5 Bd8 41.Rc6 Bg5 42.Kd3 Rd8 43.a7 Ra8
44.Nb6  1-0

[Event "GM"]
[Site "Skanderborg DEN"]
[Date "2010.10.22"]
[Round "8"]
[White "Drazic,S"]
[Black "Teplyi,I"]
[Result "1-0"]
[WhiteElo "2546"]
[BlackElo "2408"]

1.Nf3 Nf6 2.c4 c5 3.g3 b6 4.Bg2 Bb7 5.O-O e6 6.Nc3 Be7 7.d4 cxd4 8.Qxd4 d6
9.Rd1 a6 10.Bg5 Nbd7 11.Nd2 Bxg2 12.Kxg2 Qc7 13.Nde4 O-O 14.Nxd6 Rfd8 15.b4 e5
16.Qd3 Nf8 17.Bxf6 gxf6 18.c5 bxc5 19.bxc5 Qxc5 20.Nce4 Qa5 21.Qf3 Bxd6 22.Nxd6  1-0

[Event "VII Open"]
[Site "Figueira da Foz POR"]
[Date "2010.11.02"]
[Round "4.18"]
[White "Adams,P"]
[Black "Pires,G"]
[Result "1/2-1/2"]
[WhiteElo "2133"]
[BlackElo "1931"]

1.Nf3 Nf6 2.c4 c5 3.g3 b6 4.Bg2 Bb7 5.O-O e6 6.b3 Be7 7.Bb2 O-O 8.Nc3 d6
9.e3 Nbd7 10.Qe2 a6 11.Rfd1 Qc7 12.Rac1 Rac8 13.d4 Qb8 14.d5 e5 15.Nh4 Rfe8
16.Bh3 Rc7 17.e4 Bf8 18.Rf1 b5 19.f4 exf4 20.gxf4 b4 21.Nd1 Nxe4 22.Qg2 Ndf6
23.Nf5 Bc8 24.Nde3 Nc3 25.Rxc3 bxc3 26.Bxc3 Rxe3 27.Nxe3 Bxh3 28.Qxh3 Ne4
29.Ba1 Qc8 30.Qg2 f5 31.Re1 Re7 32.Ng4  1/2-1/2

[Event "TCh-CZE 2010-11"]
[Site "Frydek Mistek CZE"]
[Date "2010.11.06"]
[Round "1.7"]
[White "Neckar,L"]
[Black "Rosko,L"]
[Result "1/2-1/2"]
[WhiteElo "2349"]
[BlackElo "2305"]

1.Nf3 Nf6 2.c4 c5 3.g3 b6 4.Bg2 Bb7 5.O-O e6 6.Nc3 Be7 7.d4 cxd4 8.Qxd4 d6
9.b3 a6 10.Ba3 Nc6 11.Qf4 Qc7 12.Rfd1 Rd8 13.Rac1 Qb8 14.e4 O-O 15.Rc2 Ne5
16.Qe3 Nxf3+ 17.Bxf3 Nd7 18.Bg2 Nc5 19.Rcd2 h6 20.Bb2 Ba8 21.h4 Rc8 22.Qd4 e5
23.Qe3 Rfd8 24.Bh3 Rc7 25.f4 exf4 26.Qxf4 Bf8 27.Bf5 Re8 28.Qg4 b5 29.Nd5 Bxd5
30.cxd5 Rce7 31.Re2 Nd7 32.Bxd7 Qa7+ 33.Bd4 Qxd7 34.Qxd7 Rxd7 35.Kg2 Rc7
36.Bb6 Rb7 37.Bd4 Rc7 38.Kf3 g6 39.Rdd2 Bg7 40.Bxg7 Kxg7 41.Rc2 Rec8 42.Rxc7 Rxc7
43.e5 dxe5 44.Rxe5 Kf6 45.Re8 h5 46.Kf4 Rd7 47.Ra8 Rxd5 48.Rxa6+ Ke7 49.Ke4 Rf5
50.b4 Kd7 51.a4 bxa4 52.Rxa4 Kc6 53.Ra6+ Kb7 54.Rd6 Rb5 55.Rd4 Kc6 56.Kd3 Re5
57.Kc4 Re3 58.b5+ Kb6 59.Rd6+ Kc7 60.Rd3 Re1 61.Kc5 Rc1+ 62.Kb4 Rb1+ 63.Rb3 Rf1
64.Rc3+ Kb7 65.Rd3 Rb1+ 66.Kc4 Rc1+ 67.Kd5 Kb6 68.Rb3 Rc5+ 69.Kd4 Rf5 70.Ke4 f6
71.Kd4 g5  1/2-1/2

[Event "Magistral Barcelona"]
[Site "Barcelona ESP"]
[Date "2010.11.08"]
[Round "5"]
[White "Bruzon Batista,L"]
[Black "Oms Pallisse,J"]
[Result "1/2-1/2"]
[WhiteElo "2668"]
[BlackElo "2528"]

1.Nf3 Nf6 2.g3 b6 3.Bg2 Bb7 4.O-O e6 5.c4 c5 6.Nc3 Be7 7.Re1 Ne4 8.d4 Nxc3
9.bxc3 Be4 10.Bf1 Bxf3 11.exf3 Nc6 12.d5 Na5 13.Qc2 O-O 14.Bd3 g6 15.h4 exd5
16.cxd5 c4 17.Bf1 Bf6 18.Ba3 d6 19.f4 Qd7 20.Kh2 Rfe8 21.Bh3 Qc7 22.f5 Kg7
23.fxg6 hxg6 24.Kg2 Nb7 25.Qa4 Re7 26.Rxe7 Qxe7 27.Qxc4 Nc5 28.Bxc5 bxc5
29.Bg4 Rb8 30.h5 Qe5 31.Rh1 Rh8 32.hxg6 Rxh1 33.Kxh1 Kxg6 34.Bf3 Qxc3 35.Qg4+ Kh6
36.Kg2 Qe5 37.Qa4 Qe7 38.Qg4 Qe5 39.a4 a5 40.Qc8 Qe7 41.Qh3+ Kg7 42.Qg4+ Kf8
43.Qc8+ Kg7 44.Qg4+  1/2-1/2

[Event "e2e4 Brighton Congress Open"]
[Site "Brighton ENG"]
[Date "2010.11.13"]
[Round "2"]
[White "Radovanovic,J"]
[Black "Norinkeviciute,R"]
[Result "1/2-1/2"]
[WhiteElo "2276"]
[BlackElo "2028"]

1.Nf3 Nf6 2.g3 b6 3.Bg2 Bb7 4.O-O e6 5.c4 c5 6.Nc3 Be7 7.d4 cxd4 8.Qxd4 d6
9.Rd1 a6 10.Bg5 Nbd7 11.Bxf6 Nxf6 12.Qf4 O-O 13.Nd2 Bxg2 14.Kxg2 Ra7 15.Nde4 Rd7
16.Rd3 Qc7 17.Rad1 Nxe4 18.Qxe4 Rc8 19.b3 Bf6 20.Qf3 h6 21.h4 Qc6 22.Qxc6 Rxc6
23.Ne4 Be7 24.a4 Kf8 25.h5 f5 26.Nd2 Rc8 27.e4 Rc5 28.Rf3 Kg8 29.exf5 exf5
30.Nf1 b5 31.axb5 axb5 32.Rd5 Rdc7 33.Ne3 bxc4 34.bxc4 Bg5 35.Nxf5 Rxc4 36.Rxd6 R4c6
37.Rd5 Rc5 38.Rfd3 Rxd5 39.Rxd5 Kf7 40.f4 Bf6 41.Rb5 Rd7 42.Kf3 Ba1 43.Kg4 Ra7
44.Nd6+ Ke6 45.Ne4 Kf7 46.Kf5 Rd7 47.g4 Bd4 48.g5 hxg5 49.fxg5 Be3 50.g6+ Ke7
51.Nc3 Bc1 52.Nd5+ Kd6 53.Nb6 Rc7 54.Re5 Rc2 55.Re6+ Kc7 56.Nd5+ Kd8 57.Ra6 Kd7
58.Ra7+ Kd6 59.Rxg7 Kxd5 60.Rd7+ Kc6 61.g7 Rg2 62.Rd8 Rxg7 63.Rc8+ Rc7 64.Rxc7+ Kxc7  1/2-1/2

[Event "XXIII Belgrade Trophy"]
[Site "Obrenovac SRB"]
[Date "2010.11.25"]
[Round "2.39"]
[White "Delibasic,G"]
[Black "Bergsson,Sn"]
[Result "0-1"]
[WhiteElo "2108"]
[BlackElo "2304"]

1.Nf3 Nf6 2.c4 e6 3.g3 b6 4.Bg2 Bb7 5.O-O c5 6.e3 Qc8 7.b3 Be7 8.Bb2 O-O
9.Nc3 d5 10.d3 Rd8 11.Qe2 Nbd7 12.Rac1 dxc4 13.bxc4 Bc6 14.Rfd1 Qb7 15.h3 Nf8
16.Rd2 Ng6 17.Rcd1 Rd7 18.e4 Rad8 19.Nh2 a6 20.a4 Ne8 21.f4 Nc7 22.h4 Nf8
23.h5 h6 24.Qg4 Ne8 25.Nf3 Bf6 26.e5 Be7 27.Nh4 Bxg2 28.Nxg2 f5 29.Qe2 Nc7
30.Ne3 b5 31.axb5 axb5 32.Nxb5 Nxb5 33.cxb5 Qxb5 34.Nc4 Ra7 35.g4 fxg4 36.Qxg4 Qe8
37.Rg2 Qf7 38.Kh2 Nh7 39.Rdg1 Bf8 40.Rg3 Rad7 41.Rd1 Kh8 42.Kg2 Rb7 43.Qf3 Rb3
44.Qg4 Qb7+ 45.Kh3 Rxb2 46.Nxb2 Qxb2 47.Qxe6 Rd4 48.Qg4 Ng5+ 49.fxg5 Rxg4
50.Rxg4 Qe2 51.Rdg1 Qxd3+ 52.R1g3 Qf1+ 53.Kh2 Qe2+ 54.Kh3 Qxe5 55.gxh6 Qxh5+
56.Kg2 Qd5+  0-1

[Event "XXIII Belgrade Trophy"]
[Site "Obrenovac SRB"]
[Date "2010.11.28"]
[Round "5.13"]
[White "Drasko,M"]
[Black "Bergsson,Sn"]
[Result "1/2-1/2"]
[WhiteElo "2479"]
[BlackElo "2304"]

1.Nf3 Nf6 2.g3 b6 3.Bg2 Bb7 4.c4 c5 5.O-O e6 6.Nc3 Be7 7.d4 cxd4 8.Qxd4 d6
9.Rd1 a6 10.Bg5 Nbd7 11.Qd2 Qc8 12.Rac1 O-O 13.b3 Rd8 14.Qb2 Qc7 15.Ne1 Bxg2
16.Nxg2 Qb7 17.a4 Rac8 18.f3 Ne5 19.Bf4 Nc6 20.e4 Nb4 21.Qe2 h6 22.Be3 Nd7
23.Rd2 Nc5  1/2-1/2

[Event "ch-RSSU"]
[Site "Moscow RUS"]
[Date "2010.12.07"]
[Round "7"]
[White "Novikov,St1"]
[Black "Lysyj,I"]
[Result "1/2-1/2"]
[WhiteElo "2565"]
[BlackElo "2627"]

1.Nf3 Nf6 2.c4 e6 3.g3 b6 4.Bg2 Bb7 5.O-O c5 6.Nc3 Be7 7.Re1 Ne4 8.Nxe4 Bxe4
9.d3 Bb7 10.e4 O-O 11.d4 cxd4 12.Nxd4 a6 13.b3 Nc6 14.Bb2 Qc7 15.Nxc6 Bxc6
16.Qe2  1/2-1/2

[Event "2nd Pilsen Open"]
[Site "Plzen CZE"]
[Date "2010.12.09"]
[Round "7"]
[White "Hubka,R"]
[Black "Sargsjan,K"]
[Result "1-0"]
[WhiteElo "2032"]
[BlackElo "1891"]

1.Nf3 b6 2.g3 Bb7 3.Bg2 Nf6 4.O-O e6 5.c4 c5 6.b3 Be7 7.Bb2 O-O 8.e3 d5 9.cxd5 exd5
10.d4 Ne4 11.Nbd2 Nd7 12.Nxe4 dxe4 13.Nd2 f5 14.dxc5 Nxc5 15.Bd4 Nd3 16.f3 Bf6
17.Bxf6 Qxf6 18.fxe4 Qg5 19.Qe2 Ba6 20.Nc4 Rad8 21.Rad1 fxe4 22.Rxf8+ Rxf8
23.Bxe4 Nb2 24.Bd5+ Kh8 25.Qxb2  1-0

[Event "XX GM"]
[Site "Elgoibar ESP"]
[Date "2010.12.14"]
[Round "1.5"]
[White "Mirzoev,A"]
[Black "Larino Nieto,D"]
[Result "1-0"]
[WhiteElo "2546"]
[BlackElo "2451"]

1.Nf3 e6 2.c4 Nf6 3.g3 b6 4.Bg2 Bb7 5.O-O c5 6.Nc3 Be7 7.d4 cxd4 8.Qxd4 Nc6
9.Qf4 Na5 10.b3 d5 11.cxd5 Nxd5 12.Nxd5 Qxd5 13.Bb2 O-O 14.Qg4 g6 15.Rfd1 Qe4
16.Qxe4 Bxe4 17.Rd7 Rfe8 18.Rc1 Bc6 19.Rc7 Bd5 20.Ne5 Bxg2 21.Kxg2 Bf6 22.b4  1-0

[Event "Stanitsa Winter 2010"]
[Site "Stanitsa-Luganskaya UKR"]
[Date "2010.12.19"]
[Round "7"]
[White "Bedia,M"]
[Black "Biriukov,N"]
[Result "1/2-1/2"]
[WhiteElo "2489"]
[BlackElo "2361"]

1.Nf3 Nf6 2.g3 b6 3.Bg2 Bb7 4.O-O e6 5.c4 c5 6.Nc3 Be7 7.d4 cxd4 8.Qxd4 d6
9.Bg5 O-O 10.Rfd1 h6 11.Bxf6 Bxf6 12.Qf4 g5 13.Qxd6 Qxd6 14.Rxd6 g4 15.Nh4 Bxg2
16.Nxg2 Na6 17.Ne3 Be5 18.Rd2 Bxc3 19.bxc3 f5 20.Rad1 Nc5 21.Kg2 Rac8 22.f3 h5
23.h3 gxf3+ 24.exf3 f4 25.gxf4 Rxf4 26.Rd4 Rf6 27.Rd8+ Rxd8 28.Rxd8+ Rf8
29.Rxf8+ Kxf8 30.Kg3 Kf7 31.Kh4 Kg6 32.Nc2 e5 33.Nb4 e4 34.fxe4 Nxe4 35.Nc6 Nd6
36.Kg3 a5  1/2-1/2

[Event "48th ch-IND"]
[Site "New Delhi IND"]
[Date "2010.12.20"]
[Round "11"]
[White "Navin,K"]
[Black "Stany,G"]
[Result "0-1"]
[WhiteElo "2369"]
[BlackElo "2329"]

1.Nf3 Nf6 2.c4 e6 3.g3 b6 4.Bg2 Bb7 5.O-O c5 6.Nc3 Be7 7.d4 cxd4 8.Qxd4 Nc6
9.Qd1 Rc8 10.Bf4 Na5 11.b3 d5 12.cxd5 Rxc3 13.d6 Bf8 14.b4 Bxf3 15.Bxf3 Rxf3
16.exf3 Nc4 17.Rc1 b5 18.Re1 Qd7 19.a4 Nxd6 20.Qc2 Be7 21.Qc7 Qxc7 22.Rxc7 Nd5
23.Rxa7 Nc8 24.Ra8 Nb6 25.Rb8 bxa4 26.Bc7 Bd8 27.Bxb6 Nxb6 28.Rd1 Nd5 29.Ra1 Nb6
30.Rd1 Ke7 31.Rb7+ Kf6 32.Rb8 Nd5 33.Ra1 Rf8 34.Rxa4 Be7 35.Rb7 Rc8 36.Raa7 g5
37.Rd7 Rb8 38.Ra6 Nxb4 39.Ra4 Nd5 40.h4 h6 41.hxg5+ hxg5 42.Raa7 Rb2 43.Kg2 Rb3
44.Ra6 Ra3 45.Rxa3 Bxa3 46.Kf1 Bc5 47.Kg2 Nc3 48.Rc7 Bd4 49.Rc4 Ke5 50.Kf1 Nd1
51.Rc7 f6 52.Rd7 Nxf2 53.f4+ gxf4 54.gxf4+ Ke4 55.Rd6 e5 56.Rxf6 exf4 57.Rd6 Ng4
58.Re6+ Kf3 59.Re8 Bf2  0-1

[Event "19th Donau Open"]
[Site "Aschach AUT"]
[Date "2010.12.30"]
[Round "6"]
[White "Sadilek,P"]
[Black "Jurek,J"]
[Result "1/2-1/2"]
[WhiteElo "2202"]
[BlackElo "2354"]

1.Nf3 Nf6 2.c4 b6 3.g3 c5 4.Bg2 Bb7 5.O-O e6 6.Nc3 Be7 7.d4 cxd4 8.Qxd4 d6
9.Rd1 a6 10.Bg5 Nbd7 11.Bxf6 Nxf6 12.Na4 Rb8 13.c5 dxc5 14.Qe5 Bd5 15.e4 Nxe4
16.Qxg7 Bf6 17.Qh6 b5 18.Ne5 Bxe5 19.Bxe4 Qf6 20.Qxf6 Bxf6 21.Nxc5 Rc8 22.Bxd5 Rxc5
23.Bb7 O-O 24.Rac1 Rxc1 25.Rxc1 Bxb2 26.Rc2  1/2-1/2

[Event "23rd Staufer-Open"]
[Site "Leinzell GER"]
[Date "2011.01.02"]
[Round "3"]
[White "Aring,G"]
[Black "Carow,J"]
[Result "1/2-1/2"]
[WhiteElo "2210"]
[BlackElo "2095"]

1.Nf3 c5 2.c4 Nf6 3.g3 b6 4.Bg2 Bb7 5.O-O e6 6.b3 Be7 7.Bb2 O-O 8.Nc3 d6
9.d4 cxd4 10.Nxd4 Bxg2 11.Kxg2 Qc8 12.e3 Nbd7 13.Qe2 Qb7+ 14.Qf3 Qxf3+ 15.Kxf3 Rfc8
16.Rfd1 a6 17.Ke2 Rab8 18.f3 Ne5 19.e4 Nc6 20.Rac1 Nd7 21.Nxc6 Rxc6 22.f4 Rb7
23.Nb1 Kf8 24.Nd2 Bf6 25.Ba3 Ke8 26.Nf3 Nc5 27.Ke3 Rbc7 28.Rc2 Rc8 29.Rcd2 Be7
30.Bb2 g6 31.g4 R6c7 32.g5 b5 33.cxb5 axb5 34.h4 Ra8 35.h5 Rxa2 36.hxg6 fxg6
37.Rc2 b4 38.Nd4 e5 39.Nb5 exf4+ 40.Kf3 Rd7 41.Kxf4 Ne6+ 42.Kg4 Nxg5 43.Rc8+ Rd8
44.Nxd6+ Bxd6 45.Rxd8+ Kxd8 46.Rxd6+ Ke7 47.Rd2 Ra5 48.e5 Ne6 49.Rd6 Rb5
50.Rc6 Rb7 51.Bc1 Rd7 52.Rb6 h5+ 53.Kf3 Rd4 54.Be3 Rg4 55.Rb7+ Kd8 56.Rb6 Nc7
57.Bc5 Rg5 58.Bd6 Nd5 59.Rb5 Rf5+ 60.Kg3 Ne3 61.Rxb4 g5 62.e6 h4+ 63.Kh2 Rf2+
64.Kg1 Rf1+ 65.Kh2 Rf2+  1/2-1/2

[Event "Rilton Cup 2010-11"]
[Site "Stockholm SWE"]
[Date "2011.01.03"]
[Round "7"]
[White "Holmsten,A"]
[Black "Johansson Linus"]
[Result "0-1"]
[WhiteElo "2381"]
[BlackElo "1966"]

1.Nf3 Nf6 2.g3 b6 3.Bg2 Bb7 4.O-O e6 5.c4 c5 6.Nc3 d6 7.b3 Nbd7 8.d4 cxd4
9.Nxd4 Bxg2 10.Kxg2 Qc7 11.e4 a6 12.f4 b5 13.Qf3 Rc8 14.g4 h6 15.Bb2 bxc4
16.Rae1 Be7 17.Re2 Kf8 18.g5 hxg5 19.fxg5 Ne5 20.Qg3 Qa7 21.gxf6 gxf6 22.Qe3 Rxh2+
23.Kg3 Rxe2 24.Nxe6+ fxe6 25.Qxa7 Rxb2 26.Rh1 Ng6 27.Na4 Rxa2 28.Qxa6 Rb8
29.Qxc4 d5 30.exd5 Bd6+ 31.Kh3 Kg7  0-1

[Event "9th Parsvnath Open"]
[Site "New Delhi IND"]
[Date "2011.01.08"]
[Round "1.48"]
[White "Iqbal,S"]
[Black "Kathmale,S"]
[Result "1-0"]
[WhiteElo "1660"]
[BlackElo "2217"]

1.c4 Nf6 2.Nf3 e6 3.g3 b6 4.Bg2 Bb7 5.O-O c5 6.b3 Be7 7.Bb2 O-O 8.Nc3 a6
9.Rc1 d5 10.cxd5 exd5 11.d4 c4 12.Ne5 Ra7 13.bxc4 dxc4 14.Bxb7 Rxb7 15.Nxc4 Nc6
16.e3 Qd7 17.Qf3 Ng4 18.Nd5 Bd8 19.Ba3 b5 20.Nd6 b4 21.Nxb7 bxa3 22.Nxd8 Nxd8
23.Rc7 Qe6 24.Rfc1 Nh6 25.Ne7+ Kh8 26.Qd5 Qf6 27.Qe5 Qf3 28.Qf4 Qe2 29.R1c2 Qb5  1-0

[Event "3rd Chennai Open"]
[Site "Chennai IND"]
[Date "2011.01.18"]
[Round "1"]
[White "Ram,S"]
[Black "Stany,G"]
[Result "0-1"]
[WhiteElo "2242"]
[BlackElo "2395"]

1.Nf3 Nf6 2.c4 e6 3.g3 b6 4.Bg2 Bb7 5.O-O c5 6.Nc3 Be7 7.Re1 d6 8.e4 a6 9.d4 cxd4
10.Nxd4 Qc7 11.Be3 Nbd7 12.f4 O-O 13.Rc1 Rac8 14.f5 e5 15.Nb3 Qb8 16.Qe2 Qa8
17.Bf2 b5 18.Na5 bxc4 19.g4 h6 20.h4 Bd8 21.Nxc4 Nxg4 22.Nxd6 Nxf2 23.Nxc8 Bxc8
24.f6 Bb6 25.fxg7 Kxg7 26.Nd5 Ng4+ 27.Kh1 Ngf6 28.Ne7 Nc5 29.Rg1 Kh8 30.Qd2 Ng4
31.Qd6 Bb7 32.Rxc5 Bxc5 33.Qxc5 Bxe4 34.Qb4 Bxg2+ 35.Rxg2 Ne3  0-1

[Event "B2 Masters"]
[Site "Marianske Lazne CZE"]
[Date "2011.01.18"]
[Round "4"]
[White "Drugov,P"]
[Black "Porat,Ma"]
[Result "0-1"]
[WhiteElo "2359"]
[BlackElo "2246"]

1.Nf3 Nf6 2.c4 e6 3.g3 b6 4.Bg2 Bb7 5.O-O c5 6.b3 Be7 7.Bb2 O-O 8.e3 d5 9.Qe2 Nc6
10.d3 Qc7 11.Nc3 Rad8 12.cxd5 exd5 13.d4 Rfe8 14.Rfd1 Qc8 15.dxc5 bxc5 16.Rac1 Ba6
17.Qc2 h6 18.Qb1 Qe6 19.Nh4 Ne5 20.Na4 c4 21.Nf5 Bf8 22.bxc4 dxc4 23.Nd4 Qc8
24.h3 Bb7 25.Bxb7 Qxb7 26.Bc3 Qd7 27.Nb2 Qxh3 28.Qf5 Nfg4 29.Rc2 Rd6 30.Qe4 Qh2+
31.Kf1 Rf6 32.Be1 Qxg3 33.Nf5 Qh3+ 34.Ke2 Qh5 35.Ng3 Qh2 36.Nh1 Ree6 37.Kd2 Nf3+  0-1

[Event "3rd Chennai Open"]
[Site "Chennai IND"]
[Date "2011.01.19"]
[Round "2"]
[White "Laxman,R"]
[Black "Arun,Ka"]
[Result "1-0"]
[WhiteElo "2463"]
[BlackElo "2294"]

1.Nf3 Nf6 2.c4 e6 3.g3 b6 4.Bg2 Bb7 5.O-O c5 6.d4 cxd4 7.Qxd4 d6 8.Nc3 a6
9.Rd1 Be7 10.b3 Nbd7 11.Ng5 Bxg2 12.Kxg2 O-O 13.Ba3 Nc5 14.b4 Ncd7 15.Bb2 Rc8
16.Rac1 Ne5 17.Nce4 Nc6 18.Qd2 Nxe4 19.Nxe4 d5 20.b5 dxe4 21.Qc3 Bf6 22.Rxd8 Bxc3
23.Rxf8+ Kxf8 24.Rxc3 Nb8 25.f3 exf3+ 26.Kxf3 Ke8 27.bxa6 Nxa6 28.Ra3 Nb4
29.Ra4 Nc6 30.Bxg7 Na5 31.Kf4 Nxc4 32.e4 Nd6 33.Be5 Nc4 34.Bf6 h6 35.g4 Kd7
36.Ra7+ Kc6 37.h4 Nd6 38.h5 b5 39.Bg7 f5 40.e5 Nb7 41.gxf5 exf5 42.Ra6+ Kd5
43.Rxh6 Ra8 44.Rb6 Nc5 45.Rxb5 Kc6 46.Rxc5+ Kxc5 47.h6  1-0

[Event "I Antonio Rocha Mem"]
[Site "Campinas BRA"]
[Date "2011.01.25"]
[Round "13.5"]
[White "Flores,Di"]
[Black "Tsuboi,E"]
[Result "0-1"]
[WhiteElo "2628"]
[BlackElo "2380"]

1.Nf3 c5 2.c4 Nf6 3.g3 b6 4.Bg2 Bb7 5.O-O e6 6.Nc3 Be7 7.d4 cxd4 8.Qxd4 d6
9.Rd1 a6 10.Be3 Nbd7 11.Qd2 Rc8 12.b3 O-O 13.Rac1 Nc5 14.Bg5 Qc7 15.Qb2 Rfd8
16.Bf4 h6 17.b4 Ncd7 18.Na4 e5 19.Bd2 Qb8 20.Be3 Ba8 21.Bh3 b5 22.cxb5 axb5
23.Rxc8 Rxc8 24.Nc3 Rc7 25.Nh4 d5 26.Bxd7 Rxd7 27.Bc5 d4 28.Nb1 Ne4 29.Bxe7 Rxe7
30.Nf5 Rc7 31.Rc1 Kh7 32.f3 Nf6 33.Rc5 Nd7 34.Rxc7 Qxc7 35.Na3 Qb6 36.Qb3 Kg8
37.Qd3 Qe6 38.Qc2 Bb7 39.g4 g6 40.Nxh6+ Kg7 41.g5 Qe7 42.Qd2 Nb6 43.Nxb5 Nc4
44.Qc1 Qxb4 45.Nc7 Qc3 46.Qb1 Qe3+ 47.Kh1 Qxe2 48.Ne6+ Kh7 49.Nf8+ Kg7 50.Ne6+ Kh7
51.Nf8+ Kh8 52.Nxf7+ Kg7 53.Ne6+ Kxf7 54.Qxb7+ Kxe6 55.Qa6+ Kd5 56.Qb5+ Kd6
57.Qa6+ Kc5 58.Qc8+ Kb4 59.Qb7+ Kc3  0-1

[Event "ch-TUR"]
[Site "Kemer-Antalya TUR"]
[Date "2011.02.07"]
[Round "4.110"]
[White "Ikis,Melih Firat"]
[Black "Sakalli,M"]
[Result "1/2-1/2"]
[WhiteElo "1845"]
[BlackElo "2059"]

1.c4 b6 2.Nf3 c5 3.g3 Bb7 4.Bg2 e6 5.O-O Nf6 6.Nc3 Be7 7.d4 cxd4 8.Qxd4 Nc6
9.Qd2 a6 10.b3 h6 11.Bb2 Qc7 12.Rac1 O-O 13.Rfd1 Qb8 14.Qc2 Rd8 15.Ne4 Ne8
16.Qb1 Ra7 17.Nd4 Qa8 18.Nf3 d6 19.Nc3 Nb8 20.Ne1 Nd7 21.Bxb7 Rxb7 22.Nd3 b5
23.cxb5 axb5 24.Nb4 Nb8 25.Nd3 Nf6 26.Rc2 h5 27.h4 Ng4 28.Rdc1 Qa7 29.Nd1 Na6
30.Rc8 Rb8 31.Rxd8+ Rxd8 32.Qa1 f6 33.Bd4 Qb7 34.f3 Ne5 35.Qc3 b4 36.Qd2 Nc6
37.Bf2 Nab8 38.Nf4 Kf7 39.Nxh5 Qb5 40.Nf4 Rh8 41.Qd3 Qxd3 42.Nxd3 Rh5  1/2-1/2

[Event "75th ch-BUL Semi-Final"]
[Site "Plovdiv BUL"]
[Date "2011.02.08"]
[Round "2"]
[White "Ninov,D"]
[Black "Roydov,P"]
[Result "0-1"]
[WhiteElo "2085"]
[BlackElo "1674"]

1.Nf3 Nf6 2.g3 b6 3.Bg2 Bb7 4.O-O e6 5.c4 c5 6.d4 cxd4 7.Qxd4 Nc6 8.Qf4 Qb8
9.Nc3 a6 10.Rd1 Be7 11.Qxb8+ Rxb8 12.Bf4 Rc8 13.Na4 Bd8 14.Be3 Na5 15.b3 b5
16.Nb6 Rc6 17.c5 Bxb6 18.cxb6 Rc8 19.Bd2 Nc6 20.Bf4 Nd5 21.Bd6 Nxb6 22.Ne5 Nd8
23.Rac1 f6 24.Nd3 Bxg2 25.Kxg2 Nb7 26.Ba3 d6 27.Rxc8+ Nxc8 28.Nb4 a5 29.Rc1 Kd7
30.Na6 b4 31.Rc7+ Kd8 32.Rxb7 bxa3 33.Rxg7 Ne7 34.Nc7 Kd7 35.Nb5 h5 36.Nxa3 a4
37.b4 Ke8 38.g4 Kf8 39.Rxe7 Kxe7 40.gxh5 Rxh5 41.Kg3 Rd5 42.Nb1 Rd4 43.a3 Rc4
44.e3 Rc1 45.Nd2 Rc3 46.h4 d5 47.Nf3 e5 48.h5 Rxa3 49.h6 Kf7 50.Nh4 Rb3 51.Nf5 Kg6
52.b5 Rxb5  0-1

[Event "ch-ROU Women"]
[Site "Sarata Monteoru ROU"]
[Date "2011.02.17"]
[Round "6.3"]
[White "Anusca,M"]
[Black "Padurariu,I"]
[Result "0-1"]
[WhiteElo "2029"]
[BlackElo "2160"]

1.c4 b6 2.Nf3 e6 3.g3 Bb7 4.Bg2 Nf6 5.O-O c5 6.Nc3 d6 7.d4 cxd4 8.Qxd4 Be7
9.b3 O-O 10.Rd1 Na6 11.Bb2 Nc5 12.Ng5 Bxg2 13.Kxg2 Qc8 14.Nge4 Rd8 15.Rd2 Ne8
16.Rad1 Qc6 17.Kg1 a6 18.Qe3 Rac8 19.Ng5 h6 20.Nf3 Qb7 21.Ba3 b5 22.b4 Nd7
23.cxb5 axb5 24.Qd3 Nc7 25.Rc2 Ra8 26.Bb2 d5 27.a3 Rac8 28.Nd4 Ne5 29.Qe3 Nc4
30.Qc1 Bf6 31.Nb3 Na6 32.Nd4 Nc7 33.Nb3 Na6 34.Nd4 Bxd4 35.Rxd4 e5 36.Rd1 Nxb2
37.Qxb2 Rc4 38.Rdc1 Nb8 39.Nb1 Nd7 40.Nd2 Rcc8 41.Nb3 d4 42.Na5 Rxc2 43.Qxc2 Qd5
44.Qc7 Re8 45.Qc6 Nf6 46.Rc5 Qa2 47.Qxb5 e4 48.Nc6 d3 49.exd3 Qb1+ 50.Kg2 exd3
51.Ne7+ Kf8 52.Nd5 d2 53.Nc3 Qc2 54.Qa6 Ne4  0-1

[Event "TCh-SUI 2011"]
[Site "Switzerland SUI"]
[Date "2011.02.27"]
[Round "1.6"]
[White "Vuilleumier,A"]
[Black "Hindermann,F"]
[Result "1/2-1/2"]
[WhiteElo "2364"]
[BlackElo "2322"]

1.Nf3 e6 2.g3 b6 3.Bg2 Bb7 4.O-O Nf6 5.c4 c5 6.Nc3 Be7 7.d4 cxd4 8.Nxd4 Bxg2
9.Kxg2 Qc8 10.Qd3 O-O 11.b3 d6 12.Qf3 Nbd7 13.Nc6 Re8 14.Nxe7+ Rxe7 15.Bf4 Ne5
16.Bxe5 dxe5 17.Rfd1 Qb7 18.Qxb7 Rxb7 19.Kf3 Kf8 20.Ne4 Nxe4 21.Kxe4 f6 22.Rd6 Ke7
23.Rad1 Rc8 24.R1d2 Rbc7 25.h4 Rb8 26.a4 Rbc8 27.a5 bxa5 28.Ra6 Rb8 29.Rd3 Rb6
30.Rxa5 Rcb7 31.h5 g6 32.hxg6 hxg6 33.g4 g5 34.Ra3 Kf7 35.Rh3 Kg6 36.Rc3 Rd6
37.f3 Rd4+ 38.Ke3 Rd6 39.c5 Rd4 40.Kf2 Rdb4 41.Ke1 f5 42.gxf5+ exf5 43.Re3 e4
44.Kd2 exf3 45.exf3 g4 46.fxg4 fxg4 47.Kc3 Rf4 48.Ra6+ Kg5 49.Rae6 Rf3 50.Re5+ Kf4
51.Re4+ Kf5 52.Re5+ Kf4 53.Re4+ Kf5  1/2-1/2

[Event "TCh-SUI 2011"]
[Site "Switzerland SUI"]
[Date "2011.02.27"]
[Round "1.1"]
[White "Moor,R"]
[Black "Renet,O"]
[Result "0-1"]
[WhiteElo "2395"]
[BlackElo "2499"]

1.Nf3 Nf6 2.c4 b6 3.g3 c5 4.Bg2 Bb7 5.O-O e6 6.Nc3 Be7 7.Re1 d6 8.e4 a6 9.d4 cxd4
10.Nxd4 Qc7 11.Be3 O-O 12.Rc1 Nbd7 13.f4 Rac8 14.b3 Qb8 15.Bf2 Rfe8 16.e5 Bxg2
17.exf6 Ba8 18.fxe7 Qb7 19.Kf1 Qg2+ 20.Ke2 Nf6 21.Rg1 Qh3 22.Qf1 Qh5+ 23.Kd2 Ng4
24.h3 Nh2 25.Qe2 Qxh3 26.Ne4 e5 27.Ng5 Qh6 28.Nf5 Qf6 29.g4 h5 30.Bh4 hxg4
31.Qxh2 Qxf5 32.fxe5 dxe5 33.Rgf1 Qd7+ 34.Kc2 f6 35.Rcd1 Qxe7 36.Bg3 fxg5
37.Rde1 Rc5 38.Kb2 Bf3 39.Bf2 Rc6 40.Be3 Rh6 41.Qg1 Rh1 42.Qf2 Rxf1 43.Rxf1 e4
44.Kc2 Qa3 45.Bxb6 Qxa2+ 46.Kc3 Qxf2 47.Bxf2 e3 48.Bg3 e2 49.Rb1 Rd8 50.Re1 Kf7
51.c5 Rh8 52.Kd2 Rc8 53.b4 a5 54.bxa5 Rxc5 55.Ra1 Rd5+ 56.Kc2 Rd1 57.Kb2 Bb7
58.Rc1 Ke6 59.Rc7 Rg1  0-1

[Event "Elitzur Winter GM"]
[Site "Petach Tikva ISR"]
[Date "2011.03.02"]
[Round "5"]
[White "Deutsch,E"]
[Black "Kudischewitsch,D"]
[Result "1/2-1/2"]
[WhiteElo "2352"]
[BlackElo "2348"]

1.Nf3 Nf6 2.g3 b6 3.Bg2 Bb7 4.c4 c5 5.O-O e6 6.Nc3 Be7 7.Re1 d5 8.d4 dxc4
9.dxc5 Bxc5 10.Qxd8+ Kxd8 11.Ne5 Bxg2 12.Kxg2 Ke7 13.Nxc4  1/2-1/2